Представление документа в формате MARC21

Поле Инд. ПП Название Значение
Тип записи a
Библиографический уровень b
001 Контрольный номер RU/IS/BASE/320423571
005 Дата корректировки 20231027112937.0
008 Кодируемые данные 20100225
040 b Код языка каталог. rus
e Правила каталог. PSBO
041 0_ a Код языка текста rus
084 a Индекс другой классификации/Индекс ББК 83.3(2=411.2)5
100 1_ a Автор Исакова И. Н.
q Полное имя Исакова Ирина Николаевна
245 10 a Заглавие Антропонимы в социально-бытовых пьесах А.Н. Островского
504 a Библиография Библиогр.: с. 149 - 150
520 0_ a Аннотация В социально-бытовых пьесах А.Н. Островский выбирал имена и фамилии своим персонажам, стремясь соотнести семантику антропонима с характером персонажа. В раннем творчестве он нередко придумывал фамилии своим героям, а в позднем - всегда использовал реальные фамилии, но при этом необычные, редкие. Драматург также нередко обыгрывал в пьесах семантику распространенных фамилий, делая их "говорящими". Некоторые фамилии основаны на аллюзиях
600 14 a Персоналии Островский Александр Николаевич
650 04 a Основная рубрика история литературы
a Основная рубрика литературоведение
a Основная рубрика филологические науки
653 0_ a Ключевые слова XIX век
a Ключевые слова антропонимы
a Ключевые слова драматургия
a Ключевые слова имена собственные
a Ключевые слова имя
a Ключевые слова литературные персонажи
a Ключевые слова пьесы
a Ключевые слова Россия
a Ключевые слова семантика
a Ключевые слова семантика антропонима
a Ключевые слова социально-бытовые пьесы
a Ключевые слова фамилии литературных героев
a Ключевые слова характер персонажа
773 18 t Заглавие источника Вестник Московского университета. Серия 9, Филология
d Дата издания источника 2009
g Прочая информация № 5. - С. 142 - 150
w Контрольный № источника RU/IS/BASE/317399320
901 t Тип документа b